Riconosci la Squadra di calcio - Quiz n°277 - Statistics

Statistiche generali
  • Questo quiz è stato fatto 2 volte
  • Il punteggio medio è 3 su 9
Statistiche sulle risposte
Indizio Risposta % Corretto
Titoli nazionali 15 Campionati iraniani
100%
Colori sociali Bianco, rosso
100%
Confederazione AFC
50%
Fondazione 1963
0%
Trofei internazionali 1 Coppa delle Coppe dell'AFC
0%
Trofei nazionali 6 Coppe d'Iran 4 Supercoppe d'Iran
0%
Capienza Stadio 90 000 posti
0%
Squadra Persepolis
0%
Divisione nazionale 2023-2024 Prima
0%
Nessun quiz corrispondente trovato
Distribuzione punteggi
Percentuale di utenti per punteggio
Percentile per numero di risposta
I tuoi punteggi nel tempo
Non hai fatto questo quiz